000 00298nam a22001337a 4500
008 170222b xxu||||| |||| 00| 0 eng d
020 _a0721625096
041 _aeng
080 _23 ED
_a617
100 _a5
101 _aSHK
245 _aSURGERY OF ALIMANTARY TRACK
_cZUIDEMA.G.D
942 _2udc
_cBK
999 _c6118
_d6118